Jak to linia autobusowa? - Radom - Statystyki

Ogólne statystyki
  • Ten quiz został rozwiązany 89 razy
  • Średni wynik to 19 z 27
Statystyki odpowiedzi
Podpowiedź Linia
Miejska
% Poprawnych
,,Jest pierwsza'' 1
89%
Jest to linia szkolna 20
86%
Zwykle jest przegubem, a nie jeździ przez dworzec. Kursuje na cmentarz 4
86%
Jedyna liniaplanowo odwiedzająca Skaryszew 27
84%
Jako jedyna posiadaprzystanek końcowy na dzielnicy Zamłynie 2
83%
Jest elektrykiem. Na obu przystankachkońcowych ma miejsce do naładowania 7
81%
Ta linia kursuje najcześciejże wszystkich 9
79%
Ma najwięcejprzystanków na ulicy Słowackiego 15
78%
Okrąża jedyną w mieścieCastoramę 18
78%
Jako jedyna kursuje przy samymzalewie na Borkach 8
76%
Jej trasa jest zmieniona.Ma przystanek końcowy na Potkanowie 17
75%
Jako jedyna jeździ przezulicę Wyścigową 3
73%
Mija urząd miejski 19
71%
Nie jest to linia 20,a nie kursuje w wakacje 22
70%
Kursuje przez ulicęMariacką i Szarych Szeregów 11
68%
Ta linia manajwięcej przystanków 14
68%
Wysiadając na jednymz jego przystanków końcowych możesz poczuć nieprzyjemny zapach 12
67%
Zadowala mieszkańców alejiWojska Polskiego 21
67%
Dzieli przystanek końcowyz linią wspomnianą w opisie 5
67%
Kursuje przez ulicę PCK 6
67%
Ta linia do niedawna przez długiczas kursowała jako jedyna przez ulicę Kosowską 13
65%
Ma najwięcejprzedłużeń trasy 24
63%
Oba jej przystanki końcoweznajdują się na obrzeżach miasta 26
62%
Jej jeden przystanek końcowy możekojarzyć z osią 10
60%
Zjeżdża aż na trzy zajezdnie 25
59%
W niedzielę na przedłużenie
trasy kursuje zaledwie pięć razy
23
57%
Zjeżdża do zajezdnii z obuprzystanków końcowych po razie 16
52%
Nie znaleziono quizów pasujących do podanych kryteriów
Rozkład punktacji
Procent ludzi z każdym wynikiem
Percentyl według liczby udzielonych odpowiedzi
Twoja historia wyników
Nie rozwiązałeś tego quizu